| 000 | 00971nam a2200289Ia 4500 | ||
|---|---|---|---|
| 003 | OSt | ||
| 005 | 20221007121635.0 | ||
| 006 | a|||||r|||| 00| 0 | ||
| 007 | ta | ||
| 008 | 221006b |||||||| |||| 00| 0 eng d | ||
| 020 | _cRs.275.00 | ||
| 024 | _a3661 | ||
| 037 |
_bJagmander, _cTextual |
||
| 040 |
_aBDL _cBDL _beng |
||
| 041 |
_2eng _aeng |
||
| 082 | _aI:11.212, M8 | ||
| 100 |
_aManilal K S _9712649 |
||
| 245 | 0 | _aFlora of silent valley: tropical rain forests of India by K S Manilal | |
| 260 |
_aCalicut _bThe Mathrubhumi Press _c1988 |
||
| 300 |
_axL,398p _ccm. |
||
| 500 | _a^mPurchase^n23/CSL/Carb/95-96/3114^d1995-12-04; ; 95-96/416^b1995-12-11^c594/95^d1995-12-09^eJagmander Book Agency^f1995-12-11^h1995-12-11; ; 1995-12-15^bSB^c1995-12-26 | ||
| 650 |
_a Classification _9229842 |
||
| 650 | _a Kerala | ||
| 650 |
_aPlant _9431280 |
||
| 942 |
_hI:11.212, M8 _cTEXL _2CC |
||
| 999 |
_c1209117 _d1209117 |
||